000 01562cam a22004337a 4500
999 _c3621
_d3621
001 17463923
003 OSt
005 20240313100335.0
008 120914r20112010ilu j 000 1 eng d
010 _a 2011279110
020 _a9781402259289 (pbk.)
035 _a(OCoLC)ocn701020054
040 _aBTCTA
_beng
_cBTCTA
_dOCP
_dJP3
_dUPZ
_dYDXCP
_dBDX
_dDLC
_dKH8
042 _alccopycat
082 0 4 _aFIC IRW
_223
100 1 _aIrwin, Bindi,
_d1998-
_eAuthor
245 1 2 _aA whale of a time /
_cBindi Irwin with Chris Kunz.
260 _aNaperville, Ill. :
_bSourcebooks Jabberwocky,
_c[2011].
300 _a89 p. ;
_c20 cm.
490 0 _aBindi wildlife adventures ;
_vbk. 5
500 _a"An exciting adventure story!"--Cover.
500 _a"Story includes Fun Animal Facts!"--Cover.
500 _a"Australia Zoo home of The Crocodile Hunter"--P. [4] of cover.
520 _aBindi takes a pair of twins whale-watching and they see an oil spill which threatens the whales. Includes animal facts about whales.
521 1 _aAges 7 and up.
600 1 1 _aIrwin, Bindi,
_d1998-
_vFiction.
600 1 7 _aIrwin, Bindi,
_d1998-
_vFiction.
_2sears
650 0 _aWhales
_vJuvenile fiction.
650 0 _aOil spills
_vJuvenile fiction.
650 0 _aWhale watching
_vJuvenile fiction.
650 1 _aWhales
_vFiction.
650 1 _aOil spills
_vFiction.
650 1 _aTwins
_vFiction.
650 7 _aWhales
_vFiction.
_2sears
650 7 _aOil spills
_vFiction.
_2sears
650 7 _aTwins
_vFiction.
_2sears
700 1 _aKunz, Chris.
_eAuthor
942 _2ddc
_cFIC